00722nam a2200241Ia 4500008004000000020001800040041000800058082001600066100002500082245003400107260003500141300001300176650000800189650000700197650000900204650001100213650000900224650001000233690002100243906001100264999001900275952018600294210210b2014 xxu||||| |||| 00| 0 eng d a9789350845370 aeng a006.76 SISB aSISODIA (Vishvajeet) aBasic of web design HTML CSS3 aNew DelhibCentrum Pressc2014 aviii,298 aweb aof aHTML adesign aCSS3 aBasic aComputer Science a069124 c153237d153237 001040708Computer ScienceaALbALcComputer Scienced2021-02-17ePrajwal Book Distributors, Bangalore-560061g1800.00l0o006.76 SISBp069124r2021-02-17 00:00:00w2021-02-17yBK